000 00622nam a22002417a 4500
003 UA-OsUOA
001 89950
007 ta
008 20121112b un ||||| |||| 00| 0 ukr d
100 _aКулаковський В.
090 _a821.161.2
_bК90
942 _cBK
040 _aUA-OsUOA
_bukr
_cUA-OsUOA
_dUA-OsUOA
245 _aІван Сірко
_bроман
300 _a320 с.
955 _a3
041 _aukr
080 _a821.161.2
020 _a5-7720-0668-1
260 _aК.
_bМолодь
_c1992
650 7 _a82 Література. Літературознавство
_2UDC
999 _c376226
_d376226